Pięć państw z najmniejszym HDI według kontynentu - Statystyki

Ogólne statystyki
  • Ten quiz został rozwiązany 3 602 razy
  • Średni wynik to 18 z 30
Statystyki odpowiedzi
Kontynent HDI Państwo % Poprawnych
Europa 0,767 Mołdawia
82%
Ameryka Południowa 0,691 Wenezuela
80%
Europa 0,75 Kosowo
76%
Afryka 0,361 Somalia
76%
Ameryka Południowa 0,692 Boliwia
74%
Ameryka Południowa 0,717 Paragwaj
74%
Ameryka Południowa 0,73 Surinam
74%
Europa 0,773 Ukraina
74%
Ameryka Południowa 0,714 Gujana
72%
Ameryka Północna 0,535 Haiti
65%
Europa 0,77 Macedonia Północna
63%
Afryka 0,4 Niger
60%
Azja 0,478 Afganistan
59%
Europa 0.78 Bośnia i Hercegowina
59%
Afryka 0,385 Sudan Południowy
59%
Ameryka Północna 0,621 Honduras
58%
Ameryka Północna 0,675 Salwador
58%
Afryka 0,394 Czad
56%
Ameryka Północna 0,667 Nikaragua
55%
Ameryka Północna 0,627 Gwatemala
53%
Azja 0,577 Syria
52%
Oceania 0,607 Vanuatu
50%
Oceania 0,624 Kiribati
47%
Oceania 0,628 Mikronezja
47%
Oceania 0,564 Wyspy Salomona
47%
Azja 0,455 Jemen
46%
Azja 0,544 Pakistan
44%
Oceania 0,558 Papua-Nowa Gwinea
43%
Afryka 0,404 Republika Środkowoafrykańska
42%
Azja 0,585 Mjanma
36%
Nie znaleziono quizów pasujących do podanych kryteriów
Rozkład punktacji
Procent ludzi z każdym wynikiem
Percentyl według liczby udzielonych odpowiedzi
Twoja historia wyników
Nie rozwiązałeś tego quizu